000 00737nam a2200253 a 4500
999 _c12273
_d12273
001 12273
003 BD-JhCC
005 20210921083144.0
008 210921b2014 bg |||| ||a| 000 0 eng d
020 _a9789848471203
035 _a(BD-JhCC)12273
040 _aBD-JhCC
_dBD-JhCC
041 _aenglish
082 _a350.1
_bMIL 2014
100 _aMili,Begum Rokshana
245 _aFundamentals Of Public Administration /
_cBegum Rokshana Mili, Amir Mohammad Nasrullah
260 _aDhaka:
_bBangladesh Institute of islamic thoght(BIIT);
_c2014.
300 _a326 p. :
_c24 cm.
490 _aSocial Science Series-01
650 _aPublic Administration
700 _aNasrullah, Amir Mohammad
942 _2ddc
_cBK